Detection and Prevention of Mirai botnet Using Public Blockchain / (Record no. 526737)

000 -LEADER
fixed length control field 00640nam a22002057a 4500
003 - CONTROL NUMBER IDENTIFIER
control field NUST
005 - DATE AND TIME OF LATEST TRANSACTION
control field 20221227120210.0
008 - FIXED-LENGTH DATA ELEMENTS--GENERAL INFORMATION
fixed length control field 190716b ||||| |||| 00| 0 eng d
038 ## - RECORD CONTENT LICENSOR
Staff Name Mr. Zahoor
082 ## - DEWEY DECIMAL CLASSIFICATION NUMBER
Classification number 621.3
100 ## - MAIN ENTRY--PERSONAL NAME
Personal name Ahmed, Zohaib
9 (RLIN) 17728
245 ## - TITLE STATEMENT
Title Detection and Prevention of Mirai botnet Using Public Blockchain /
Statement of responsibility, etc. Zohaib Ahmed
260 ## - PUBLICATION, DISTRIBUTION, ETC.
Place of publication, distribution, etc. Islambad :
Name of publisher, distributor, etc. SEECS - NUST,
Date of publication, distribution, etc. 2019.
300 ## - PHYSICAL DESCRIPTION
Extent ix, 40 p. : ill. ;
Dimensions 30cm.
500 ## - GENERAL NOTE
General note Hard cover.
650 ## - SUBJECT ADDED ENTRY--TOPICAL TERM
Topical term or geographic name entry element IT - MS Thesis
9 (RLIN) 16345
700 ## - ADDED ENTRY--PERSONAL NAME
Personal name Dr. Hassaan Khaliq Qureshi
9 (RLIN) 17729
856 ## - ELECTRONIC LOCATION AND ACCESS
Uniform Resource Identifier <a href="http://10.250.8.41:8080/xmlui/handle/123456789/31894">http://10.250.8.41:8080/xmlui/handle/123456789/31894</a>
942 ## - ADDED ENTRY ELEMENTS (KOHA)
Source of classification or shelving scheme
Koha item type Thesis
Holdings
Withdrawn status Lost status Source of classification or shelving scheme Damaged status Not for loan Permanent Location Current Location Shelving location Date acquired Full call number Barcode Date last seen Price effective from Koha item type
          Central Library (CL) Central Library (CL) Thesis 07/16/2019 621.3 CL-T-2405 07/17/2019 07/16/2019 Thesis
© 2023 Central Library, National University of Sciences and Technology. All Rights Reserved.